000 00404nam a2200169 a 4500
001 0000-8566
003 ELIB.Books
008 110520 1985
035 _a(ELIB.Books)0000-8712
082 _aFic
_bWis
100 _aWister, Owen
245 _aThe Virginian
260 _bWashington: Ladder Edition
_c1985
650 _aFiction
942 _2ddc
_cBK
998 _cbat
_e2011-05-20
999 _c8566
_d8566